| 000 -LEADER |
| fixed length control field |
00556pam a2200169 a 4500 |
| 020 ## - INTERNATIONAL STANDARD BOOK NUMBER |
| ISBN |
0256159661 (package) |
| 020 ## - INTERNATIONAL STANDARD BOOK NUMBER |
| ISBN |
0256159645 (book) |
| 040 ## - CATALOGING SOURCE |
| Transcribing agency |
DLC |
| 082 00 - DEWEY DECIMAL CLASSIFICATION NUMBER |
| Classification number |
005 LRW 1994 A003 Or. |
| 100 1# - MAIN ENTRY--AUTHOR NAME |
| Personal name |
Salmon, W. |
| 245 10 - TITLE STATEMENT |
| Title |
Structures and abstractions : |
| Remainder of title |
a brief introduction to Turbo Pascal (5.x, 6.x, 7.0) / |
| 260 ## - PUBLICATION, DISTRIBUTION, ETC. (IMPRINT) |
| Place of publication |
Burr Ridge, Ill. : |
| Name of publisher |
Irwin, |
| Year of publication |
c1994. |
| 300 ## - PHYSICAL DESCRIPTION |
| Number of Pages |
1 v. (various pagings) : |
| Other physical details |
ill. ; |
| Dimensions |
26 cm. + |
| Accompanying material |
1 computer disk (3 1/2 in.) |
| 650 #0 - SUBJECT ADDED ENTRY--TOPICAL TERM |
| Topical Term |
Pascal (Computer program language) |
| 700 1# - ADDED ENTRY--PERSONAL NAME |
| Personal name |
Salmon, Edward L. |
| 942 ## - ADDED ENTRY ELEMENTS (KOHA) |
| Koha item type |
សៀវភៅភាសាអង់គ្លេស |
| 952 ## - LOCATION AND ITEM INFORMATION (KOHA) |
| Withdrawn status [LOCAL, KOHA] |
0 |